Countries with G - Three Minute Sprint - Statistics

General Stats
  • This quiz has been taken 248 times
  • The average score is 26 of 45
Answer Stats
country % Correct
Germany
91%
Guinea
86%
Guinea-Bissau
79%
Gabon
77%
Greece
77%
Guatemala
77%
Algeria
74%
Guyana
74%
Ghana
70%
Angola
69%
Gambia
69%
Argentina
67%
Grenada
67%
Egypt
61%
Georgia
61%
Afghanistan
60%
Equatorial Guinea
60%
Uruguay
59%
Paraguay
58%
United Kingdom
56%
Belgium
55%
Bulgaria
55%
Hungary
54%
Papua New Guinea
54%
Antigua and Barbuda
52%
Congo
52%
Democratic Republic of the Congo
52%
Mongolia
52%
Nicaragua
52%
Niger
52%
Nigeria
52%
Portugal
50%
Togo
48%
Uganda
48%
Bosnia and Herzegovina
45%
Kyrgyzstan
45%
Madagascar
45%
Tonga
45%
Luxembourg
43%
Trinidad and Tobago
43%
Bangladesh
42%
Singapore
41%
Montenegro
40%
St Vincent and the Grenadines
37%
Senegal
34%
No matching quizzes found
Score Distribution
Percent of People with Each Score
Percentile by Number Answered
Your Score History
You have not taken this quiz